[Event "CRO-ch"]
[Site "Zagreb"]
[Date "1993.??.??"]
[Round "7"]
[White "Biliskov, Vjekoslav"]
[Black "Stanic, Zoran"]
[Result "1-0"]
[WhiteElo "2305"]
[BlackElo "2200"]
[PlyCount "68"]
[EventDate "1993.??.??"]
[EventType "swiss"]
[EventRounds "9"]
[EventCountry "CRO"]
[SourceTitle "EXT 2002"]
[Source "ChessBase"]
[SourceDate "2001.11.25"]
[SourceVersion "1"]
[SourceVersionDate "2001.11.25"]
[SourceQuality "1"]

1. d4 Nf6 2. Nf3 g6 3. c4 Bg7 4. g3 c6 5. Nc3 d5 6. Qb3 0-0 7. Bg2 dxc4 8. Qxc4 Bf5 9. 0-0 Nbd7 10. Re1 Nb6 11. Qb3 Ne4 12. Bf4 Nxc3 13. bxc3 Be4 14. Ne5 Bd5 15. Qb4 Bxg2 16. Kxg2 g5 17. Bc1 Bxe5 18. dxe5 Qd5+ 19. e4 Qxe5 20. Be3 g4 21. Bd4 Qg5 22. a4 Rab8 23. Rad1 h5 24. Be3 Qf6 25. Bf4 Rbd8 26. a5 Rxd1 27. Rxd1 Nc8 28. e5 Qf5 29. Qxb7 Qe4+ 30. Kg1 h4 31. Qd7 e6 32. Qd4 Qf3 33. Rd3 Qd5 34. Bh6 Rd8 1-0